| 000 | 00417nam a22001697a 4500 | ||
|---|---|---|---|
| 003 | NUST - PNEC | ||
| 005 | 20170116181115.0 | ||
| 008 | 151004b xxu||||| |||| 00| 0 eng d | ||
| 020 | _a- | ||
| 040 | _cLIBRARY | ||
| 082 | _a954.3 MUS | ||
| 100 |
_913160 _aMushtaq Ahmad |
||
| 245 |
_aBefore and after independence _cMushtaq Ahmad |
||
| 260 | _cc.1989 | ||
| 650 |
_913165 _aIndependence _xHistory |
||
| 942 |
_2ddc _cBK |
||
| 999 |
_c69296 _d69296 |
||